| 000 | 00416nam a2200169Ia 4500 | ||
|---|---|---|---|
| 003 | LDD | ||
| 008 | 181029s9999 xx 000 0 und d | ||
| 020 | _a3064176987 | ||
| 040 | _cLDD | ||
| 100 | _aECKERTOVA, Ludmila | ||
| 245 | 0 |
_aPhysics of thin films _cLudmila ECKERTOVA |
|
| 250 | _a2nd rev. ed. | ||
| 260 |
_aNew York _bPlenum press _c1986 |
||
| 300 | _a340p. | ||
| 901 |
_a1943 _b01-03-2000 |
||
| 942 |
_2ddc _cBK |
||
| 999 |
_c50255 _d50255 |
||